Report Open Access

Disaster Risk Assessment and Mapping Using Geospatial Technology in the Lowlands of Bale & East Bale Zones.

Behailu Legese*; Derara Kunbushu


MARC21 XML Export

<?xml version='1.0' encoding='UTF-8'?>
<record xmlns="http://www.loc.gov/MARC21/slim">
  <leader>00000nam##2200000uu#4500</leader>
  <datafield tag="653" ind1=" " ind2=" ">
    <subfield code="a">AHP, Disaster; GIS; NDVI</subfield>
  </datafield>
  <controlfield tag="005">20250714131423.0</controlfield>
  <controlfield tag="001">8633</controlfield>
  <datafield tag="700" ind1=" " ind2=" ">
    <subfield code="u">madda walabu university</subfield>
    <subfield code="a">Derara Kunbushu</subfield>
  </datafield>
  <datafield tag="856" ind1="4" ind2=" ">
    <subfield code="s">2177294</subfield>
    <subfield code="z">md5:beeb74f045f2e4a7f659b89759af4a13</subfield>
    <subfield code="u">https://zenodo.org/record/8633/files/Behailu Legese Disaster Risk  edited paper behailu.pdf</subfield>
  </datafield>
  <datafield tag="542" ind1=" " ind2=" ">
    <subfield code="l">open</subfield>
  </datafield>
  <datafield tag="260" ind1=" " ind2=" ">
    <subfield code="c">2025-07-14</subfield>
  </datafield>
  <datafield tag="909" ind1="C" ind2="O">
    <subfield code="p">user-mwu123-un</subfield>
    <subfield code="o">oai:zenodo.org:8633</subfield>
  </datafield>
  <datafield tag="100" ind1=" " ind2=" ">
    <subfield code="u">madda walabu university</subfield>
    <subfield code="a">Behailu Legese*</subfield>
  </datafield>
  <datafield tag="245" ind1=" " ind2=" ">
    <subfield code="a">Disaster Risk Assessment and Mapping Using Geospatial Technology in the Lowlands of Bale &amp; East Bale Zones.</subfield>
  </datafield>
  <datafield tag="980" ind1=" " ind2=" ">
    <subfield code="a">user-mwu123-un</subfield>
  </datafield>
  <datafield tag="540" ind1=" " ind2=" ">
    <subfield code="u">http://www.opendefinition.org/licenses/cc-by</subfield>
    <subfield code="a">Creative Commons Attribution</subfield>
  </datafield>
  <datafield tag="650" ind1="1" ind2="7">
    <subfield code="a">cc-by</subfield>
    <subfield code="2">opendefinition.org</subfield>
  </datafield>
  <datafield tag="520" ind1=" " ind2=" ">
    <subfield code="a">&lt;p&gt;Research Report from the College of Social Science and Humanities (2016)&lt;/p&gt;</subfield>
  </datafield>
  <datafield tag="773" ind1=" " ind2=" ">
    <subfield code="n">doi</subfield>
    <subfield code="i">isVersionOf</subfield>
    <subfield code="a">10.20372/nadre:8632</subfield>
  </datafield>
  <datafield tag="024" ind1=" " ind2=" ">
    <subfield code="a">10.20372/nadre:8633</subfield>
    <subfield code="2">doi</subfield>
  </datafield>
  <datafield tag="980" ind1=" " ind2=" ">
    <subfield code="a">publication</subfield>
    <subfield code="b">report</subfield>
  </datafield>
</record>
0
0
views
downloads
All versions This version
Views 00
Downloads 00
Data volume 0 Bytes0 Bytes
Unique views 00
Unique downloads 00

Share

Cite as